<?xml version="1.0" encoding="UTF-8"?>
<record
    xmlns:xsi="http://www.w3.org/2001/XMLSchema-instance"
    xsi:schemaLocation="http://www.loc.gov/MARC21/slim http://www.loc.gov/standards/marcxml/schema/MARC21slim.xsd"
    xmlns="http://www.loc.gov/MARC21/slim">

  <leader>01252aam a2200241 a 4500</leader>
  <controlfield tag="001">001302883</controlfield>
  <controlfield tag="003">AR-RoUNCS</controlfield>
  <controlfield tag="005">20251028143708.0</controlfield>
  <controlfield tag="008">140228s2014    ag      r     001 f spa |</controlfield>
  <datafield tag="020" ind1=" " ind2=" ">
    <subfield code="a">978-950-580-686-3</subfield>
  </datafield>
  <datafield tag="040" ind1=" " ind2=" ">
    <subfield code="a">AR-RoUNCS</subfield>
    <subfield code="c">AR-RoUNCS</subfield>
  </datafield>
  <datafield tag="080" ind1=" " ind2=" ">
    <subfield code="a">82-31(728.5)</subfield>
  </datafield>
  <datafield tag="100" ind1="1" ind2=" ">
    <subfield code="a">Belli, Gioconda,</subfield>
    <subfield code="d">1948-</subfield>
    <subfield code="e">autora</subfield>
  </datafield>
  <datafield tag="245" ind1="1" ind2="3">
    <subfield code="a">El pa&#xED;s de las mujeres /</subfield>
    <subfield code="c">Gioconda Belli.</subfield>
  </datafield>
  <datafield tag="250" ind1=" " ind2=" ">
    <subfield code="a">1a ed.</subfield>
  </datafield>
  <datafield tag="260" ind1=" " ind2=" ">
    <subfield code="a">Buenos Aires :</subfield>
    <subfield code="b">Booket,</subfield>
    <subfield code="c">2014.</subfield>
  </datafield>
  <datafield tag="300" ind1=" " ind2=" ">
    <subfield code="a">278 p. ;</subfield>
    <subfield code="c">23 cm.</subfield>
  </datafield>
  <datafield tag="520" ind1="3" ind2=" ">
    <subfield code="a">En las elecciones de Faguas &#x2013;pa&#xED;s imaginario que aparece en las novelas de Gioconda Belli&#x2013; ha triunfado el PIE (Partido de la Izquierda Er&#xF3;tica). Sus atrevidas integrantes tienen un prop&#xF3;sito inclaudicable: cambiar el rumbo de su pa&#xED;s, limpiarlo como si se tratara de una casa descuidada, barrerlo hasta sacarle brillo. Pero nada de esto resulta f&#xE1;cil para la presidenta Viviana Sans&#xF3;n y sus ministras, sometidas a constantes ataques por parte de sus enemigos. &#xBF;Podr&#xE1;n sobrellevarlo y sobrevivir? &#xBF;Ser&#xE1; Faguas, al final de su administraci&#xF3;n, un pa&#xED;s mejor?</subfield>
    <subfield code="c">(Descripci&#xF3;n del editor).</subfield>
  </datafield>
  <datafield tag="586" ind1=" " ind2=" ">
    <subfield code="a">Premio La Otra Orilla, 2010.</subfield>
  </datafield>
  <datafield tag="650" ind1=" " ind2="4">
    <subfield code="a">LITERATURA HISPANOAMERICANA</subfield>
    <subfield code="y">SIGLO XXI</subfield>
  </datafield>
  <datafield tag="655" ind1=" " ind2="4">
    <subfield code="a">NOVELA</subfield>
  </datafield>
  <datafield tag="942" ind1=" " ind2=" ">
    <subfield code="2">udc</subfield>
    <subfield code="c">LPD</subfield>
  </datafield>
  <datafield tag="999" ind1=" " ind2=" ">
    <subfield code="c">655</subfield>
    <subfield code="d">655</subfield>
  </datafield>
  <datafield tag="952" ind1=" " ind2=" ">
    <subfield code="0">0</subfield>
    <subfield code="1">0</subfield>
    <subfield code="2">udc</subfield>
    <subfield code="4">0</subfield>
    <subfield code="7">0</subfield>
    <subfield code="8">CG</subfield>
    <subfield code="a">ESOCIALES</subfield>
    <subfield code="b">ESOCIALES</subfield>
    <subfield code="d">2025-10-28</subfield>
    <subfield code="e">Donaci&#xF3;n 2025</subfield>
    <subfield code="l">0</subfield>
    <subfield code="o">82-31(728.5) B443</subfield>
    <subfield code="p">001477</subfield>
    <subfield code="r">2025-10-28 14:38:09</subfield>
    <subfield code="w">2025-10-28</subfield>
    <subfield code="y">LPD</subfield>
  </datafield>
</record>
